|
|
|
|
| LEADER |
03711nam a2200493 4500 |
| 001 |
978-981-10-8512-3 |
| 003 |
DE-He213 |
| 005 |
20191023111512.0 |
| 007 |
cr nn 008mamaa |
| 008 |
180728s2018 si | s |||| 0|eng d |
| 020 |
|
|
|a 9789811085123
|9 978-981-10-8512-3
|
| 024 |
7 |
|
|a 10.1007/978-981-10-8512-3
|2 doi
|
| 040 |
|
|
|d GrThAP
|
| 050 |
|
4 |
|a PN851-884
|
| 072 |
|
7 |
|a DS
|2 bicssc
|
| 072 |
|
7 |
|a LIT020000
|2 bisacsh
|
| 072 |
|
7 |
|a DSM
|2 thema
|
| 082 |
0 |
4 |
|a 809
|2 23
|
| 100 |
1 |
|
|a Yokota-Murakami, Takayuki.
|e author.
|4 aut
|4 http://id.loc.gov/vocabulary/relators/aut
|
| 245 |
1 |
0 |
|a Mother-Tongue in Modern Japanese Literature and Criticism
|h [electronic resource] :
|b Toward a New Polylingual Poetics /
|c by Takayuki Yokota-Murakami.
|
| 250 |
|
|
|a 1st ed. 2018.
|
| 264 |
|
1 |
|a Singapore :
|b Springer Singapore :
|b Imprint: Palgrave Macmillan,
|c 2018.
|
| 300 |
|
|
|a XV, 183 p. 2 illus.
|b online resource.
|
| 336 |
|
|
|a text
|b txt
|2 rdacontent
|
| 337 |
|
|
|a computer
|b c
|2 rdamedia
|
| 338 |
|
|
|a online resource
|b cr
|2 rdacarrier
|
| 347 |
|
|
|a text file
|b PDF
|2 rda
|
| 505 |
0 |
|
|a Introduction Theoretical Presumptions and Comparative Perspective -- Mother-tongue and the Formulation of the National Language in Meiji Linguistics -- Gembun-itchi Movement: The Creation of a Linguistic State Apparatus -- Korean-Japanese Writers and the Redefinition of Bokoku-go -- Dialectal Literature as Bilingual Literature -- Contemporary Bilingual/Exophonic Writers and Their Politics -- Deconstructing Language as a Ground for Mother-tongue -- Conclusion.
|
| 520 |
|
|
|a This book examines how early research on literary activities outside national literatures such as émigré literature or diasporic literature conceived of the loss of 'mother-tongue" as a tragedy, and how it perpetuated the ideology of national language by relying on the dichotomy of native language/foreign language. It transcends these limitations by examining modern Japanese literature and literary criticism through modern philology, the vernacularization movement, and Korean-Japanese literature. Through the insights of recent philosophical/linguistic theories, it reveals the political problems of the notion of "mother-tongue" in literary and linguistic theories and proposes strategies to realize genuinely "exophonic" and "translational" literature beyond the confines of nation. Examining the notion of "mother-tongue" in literature and literary criticism, the author deconstructs the concept and language itself as an apparatus of nation-state in order to imagine alternative literature, genuinely creolized and heterogeneous. Offering a comparative, transnational perspective on the significance of the mother tongue in contemporary literatures, this is a key read for students of modern Japanese literature, language and culture, as well as those interested in theories of translation and bilingualism.
|
| 650 |
|
0 |
|a Comparative literature.
|
| 650 |
|
0 |
|a Japanese language.
|
| 650 |
|
0 |
|a Philology.
|
| 650 |
|
0 |
|a Linguistics.
|
| 650 |
1 |
4 |
|a Comparative Literature.
|0 http://scigraph.springernature.com/things/product-market-codes/811000
|
| 650 |
2 |
4 |
|a Japanese.
|0 http://scigraph.springernature.com/things/product-market-codes/N28000
|
| 650 |
2 |
4 |
|a Language and Literature.
|0 http://scigraph.springernature.com/things/product-market-codes/N29000
|
| 710 |
2 |
|
|a SpringerLink (Online service)
|
| 773 |
0 |
|
|t Springer eBooks
|
| 776 |
0 |
8 |
|i Printed edition:
|z 9789811085116
|
| 776 |
0 |
8 |
|i Printed edition:
|z 9789811085130
|
| 776 |
0 |
8 |
|i Printed edition:
|z 9789811341748
|
| 856 |
4 |
0 |
|u https://doi.org/10.1007/978-981-10-8512-3
|z Full Text via HEAL-Link
|
| 912 |
|
|
|a ZDB-2-LCM
|
| 950 |
|
|
|a Literature, Cultural and Media Studies (Springer-41173)
|